Quá trình ngẫu nhiên : phần mở đầu

Nội dung tài liệu trình bày những kiến thức cốt lõi đầy hứng thú. Phần mở đầu dẫn ngay đến các phân phối ổn định, và rất cần cho những nhà thống kê Bayes là những phân phối xác suất quan trọng thường gặp. Khai triển chính tắc quá...

Deskribapen osoa

Gorde:
Xehetasun bibliografikoak
Egile nagusia: Dương, Tôn Đảm
Formatua: Liburua
Hizkuntza:Undetermined
Argitaratua: Thành phố Hồ Chí Minh Đại học quốc gia thành phố Hồ Chí Minh 2006
Gaiak:
Etiketak: Etiketa erantsi
Etiketarik gabe, Izan zaitez lehena erregistro honi etiketa jartzen!
Thư viện lưu trữ: Trung tâm Học liệu Trường Đại học Cần Thơ
LEADER 01374nam a2200241Ia 4500
001 CTU_122190
008 210402s9999 xx 000 0 und d
020 |c 16000 
082 |a 515.3 
082 |b Đ104 
100 |a Dương, Tôn Đảm 
245 0 |a Quá trình ngẫu nhiên : 
245 0 |b phần mở đầu 
245 0 |c Dương Tôn Đảm 
260 |a Thành phố Hồ Chí Minh 
260 |b Đại học quốc gia thành phố Hồ Chí Minh 
260 |c 2006 
520 |a Nội dung tài liệu trình bày những kiến thức cốt lõi đầy hứng thú. Phần mở đầu dẫn ngay đến các phân phối ổn định, và rất cần cho những nhà thống kê Bayes là những phân phối xác suất quan trọng thường gặp. Khai triển chính tắc quá trình ngẫu nhiên đã thành trọng tâm một chương, và những chương tiếp theo cho ta làm quen ngay với tính toán Ito. 
526 |a Quá trình ngẫu nhiên,Ước lượng tham số cho các quá trình ngẫu nhiên 
526 |b TN660,TNT606 
650 |a Differential equations,Integral equations,Mathematical analysis 
904 |i Thủy 
980 |a Trung tâm Học liệu Trường Đại học Cần Thơ